Score 0/26 Timer 03:00
0 Plays Today
Movie Title (Year) Missing Word % Correct
Cats & ____ (2001)Dogs
98%
____ in Boots (2011)Puss
97.2%
The Wizard of ____ (1939)Oz
97.1%
Homeward ____: The Incredible Journey (1993)Bound
96.3%
Alice in ____ (1951)Wonderland
96%
The Cat from Outer ____ (1978)Space
95.6%
Breakfast at ____ (1961)Tiffany's
95.4%
____ Only Live Twice (1967)You
95.2%
____ the Parents (2000)Meet
94.4%
The Cat in the ____ (2003)Hat
93%
The ____ King (1994)Lion
92.4%
Bringing ____ Baby (1938)Up
89.8%
The ____ Book (1967)Jungle
89.7%
Movie Title (Year) Missing Word % Correct
Batman ____ (1992)Returns
89.4%
A ____ Long Engagement (2004)Very
89.4%
The ____ of Milo and Otis (1986)Adventures
84.8%
____ Lives (2016)Nine
81.1%
____: Days of Future Past (2014)X-Men
80%
Madagascar: ____ 2 Africa (2008)Escape
76.6%
____ the Cat (1972)Fritz
75.8%
Oliver & ____ (1988)Company
75.6%
Garfield: A Tail of Two ____ (2006)Kitties
69.8%
____ Llewyn Davis (2013)Inside
43.4%
The ____ and the Darkness (1996)Ghost
37.7%
____ and the Pit (1967)Quatermass
7.6%
____ in the Metro (1960)Zazie
4.7%

Today's Daily Dose

Remove Ads.
Support Sporcle.
Get the best of Sporcle when you Go Orange. This ad-free experience offers more features, more stats, and more fun while also helping to support Sporcle. Thank you for becoming a member.

You're not logged in!

Compare scores with friends on all Sporcle quizzes.
OR
Log In

Show Comments

Extras

Top Quizzes Today


Score Distribution

Your Account Isn't Verified!

In order to create a playlist on Sporcle, you need to verify the email address you used during registration. Go to your Sporcle Settings to finish the process.

Report this User

Report this user for behavior that violates our Community Guidelines.

Details: